[Event "Eindhoven WLC op 13th"]
[Site "Eindhoven"]
[Date "2023.05.06"]
[Round "3"]
[White "Schobben, Morris"]
[Black "Bosboom, Ardin"]
[Result "0-1"]
[WhiteElo "1873"]
[BlackElo "2056"]
[PlyCount "86"]
[EventDate "2023.05.05"]
[EventType "swiss"]
[EventRounds "6"]
[EventCountry "NED"]
[SourceTitle "CBM 214 Extra"]
[Source "ChessBase"]
[SourceDate "2023.07.31"]
[SourceVersion "1"]
[SourceVersionDate "2023.07.31"]
[SourceQuality "1"]

1. Nf3 d5 2. g3 c6 3. Bg2 Bg4 4. c4 e6 5. 0-0 Nd7 6. cxd5 exd5 7. b3 Ngf6 8. Bb2 Bd6 9. d3 0-0 10. Nbd2 Re8 11. Re1 a5 12. Qc2 Ne5 13. Nxe5 Bxe5 14. Bxe5 Rxe5 15. e4 dxe4 16. dxe4 Qe7 17. f4 Rc5 18. Qb2 a4 19. f5 a3 20. Qb1 Qe5 21. Nc4 Qd4+ 22. Kh1 b5 23. Ne3 Rc3 24. e5 Rxe3 25. Rxe3 Qxe3 26. exf6 Rd8 27. Qe4 Qxe4 28. Bxe4 Rd1+ 29. Rxd1 Bxd1 30. b4 Bb3 31. Bb1 Bd5+ 32. Kg1 gxf6 33. Kf2 Kf8 34. Ke3 Ke7 35. Kf4 Kd6 36. h4 c5 37. bxc5+ Kxc5 38. Kg4 Kd4 39. Kh5 Be4 40. Bxe4 Kxe4 41. Kh6 Kxf5 42. Kxh7 Kg4 43. Kg7 b4 0-1

[Event "Hilversum op"]
[Site "Hilversum"]
[Date "2022.06.19"]
[Round "5"]
[White "Bosboom, Ardin"]
[Black "Pham, Khoi"]
[Result "0-1"]
[WhiteElo "2083"]
[BlackElo "2244"]
[PlyCount "82"]
[EventDate "2022.06.17"]
[EventType "swiss"]
[EventRounds "6"]
[EventCountry "NED"]
[SourceTitle "CBM 208 Extra"]
[Source "ChessBase"]
[SourceDate "2022.07.31"]
[SourceVersion "1"]
[SourceVersionDate "2022.07.31"]
[SourceQuality "1"]

1. d4 d5 2. c4 c6 3. cxd5 cxd5 4. Nc3 Nf6 5. Bf4 Nc6 6. e3 a6 7. Be2 Bf5 8. Nf3 e6 9. Qb3 Ra7 10. 0-0 Bd6 11. Ne5 Bxe5 12. Bxe5 Nxe5 13. dxe5 Nd7 14. f4 0-0 15. g4 Bg6 16. Rad1 b5 17. Kh1 f6 18. f5 Bf7 19. fxe6 Bxe6 20. Bf3 Nxe5 21. Bxd5 Bxd5+ 22. Nxd5 Qa8 23. e4 Kh8 24. Qg3 Raf7 25. Rfe1 Re8 26. Rc1 Qd8 27. Rc3 Rd7 28. Rec1 Nc4 29. Qg2 Nd6 30. Rc6 h6 31. e5 Nc4 32. b3 Rxd5 33. bxc4 Rdxe5 34. Qf2 Re2 35. Qf1 Qd2 36. Rd1 Qe3 37. Rxf6 Qe4+ 38. Rf3 Re3 39. Kg2 Rf8 40. Rd3 Rfxf3 41. Rxe3 Rxe3+ 0-1

[Event "Reykjavik Kvika op"]
[Site "Reykjavik"]
[Date "2022.04.10"]
[Round "6"]
[White "Bosboom, Ardin"]
[Black "Willow, Jonah B"]
[Result "0-1"]
[WhiteElo "2078"]
[BlackElo "2411"]
[PlyCount "64"]
[EventDate "2022.04.06"]
[EventType "swiss"]
[EventRounds "9"]
[EventCountry "ISL"]
[SourceTitle "CBM 207 Extra"]
[Source "ChessBase"]
[SourceDate "2022.05.31"]
[SourceVersion "1"]
[SourceVersionDate "2022.05.31"]
[SourceQuality "1"]

1. d4 Nf6 2. c4 e6 3. Nc3 Bb4 4. f3 d5 5. a3 Bxc3+ 6. bxc3 c5 7. cxd5 Nxd5 8. dxc5 f5 9. Nh3 Qa5 10. e4 fxe4 11. fxe4 Nf6 12. Nf2 Nbd7 13. Qd4 Nxc5 14. Qb4 Qxb4 15. cxb4 Ncxe4 16. Nxe4 Nxe4 17. Bd3 Nf6 18. 0-0 Bd7 19. Be3 0-0 20. b5 e5 21. Bc4+ Kh8 22. Rad1 Rac8 23. Be2 Rc2 24. Bd3 Rc3 25. Bxa7 Bg4 26. Rd2 Rd8 27. h3 Bh5 28. g4 Bg6 29. g5 Rcxd3 30. Rxd3 Bxd3 31. gxf6 Bxf1 32. f7 Bc4 0-1

[Event "Bruges Masters op"]
[Site "Bruges"]
[Date "2021.08.19"]
[Round "8"]
[White "Bosboom, Ardin"]
[Black "Wachinger, Nikolas"]
[Result "1/2-1/2"]
[WhiteElo "2005"]
[BlackElo "2374"]
[PlyCount "55"]
[EventDate "2021.08.14"]
[EventType "swiss"]
[EventRounds "9"]
[EventCountry "BEL"]
[SourceTitle "CBM 203 Extra"]
[Source "ChessBase"]
[SourceDate "2021.09.30"]
[SourceVersion "1"]
[SourceVersionDate "2021.09.30"]
[SourceQuality "1"]

1. d4 Nf6 2. c4 e6 3. Nc3 Bb4 4. f3 d5 5. a3 Bxc3+ 6. bxc3 dxc4 7. Qa4+ Qd7 8. Qxc4 b6 9. e4 Ba6 10. Qb3 Bxf1 11. Kxf1 Nc6 12. Ne2 Na5 13. Qc2 0-0 14. c4 Qc6 15. c5 Nd7 16. Bd2 f5 17. exf5 Rxf5 18. Rc1 Raf8 19. cxb6 Rxf3+ 20. Ke1 Qxc2 21. Rxc2 Rxa3 22. bxa7 c5 23. Rf1 Rxf1+ 24. Kxf1 Nb3 25. dxc5 Ndxc5 26. Bb4 Rxa7 27. Rxc5 Nxc5 28. Bxc5 1/2-1/2

[Event "EU-ch Online U2300 Qual"]
[Site "Chess.com INT"]
[Date "2020.05.25"]
[Round "2"]
[White "Bosboom, Ardin"]
[Black "Lopez Varela, Pablo"]
[Result "0-1"]
[WhiteElo "2005"]
[BlackElo "2177"]
[PlyCount "96"]
[EventDate "2020.05.25"]
[EventType "swiss"]
[EventRounds "8"]
[EventCountry "NET"]
[SourceTitle "EXT 2021"]
[Source "ChessBase"]
[SourceDate "2020.10.23"]
[SourceVersion "1"]
[SourceVersionDate "2020.10.23"]
[SourceQuality "1"]

1. d4 Nf6 2. c4 e6 3. Nc3 Bb4 4. f3 c5 5. d5 exd5 6. cxd5 d6 7. e4 0-0 8. Bc4 Nbd7 9. Nge2 a6 10. a4 Re8 11. 0-0 Ne5 12. b3 Bd7 13. h3 Rb8 14. Bg5 h6 15. Bh4 Ng6 16. Bg3 b5 17. axb5 axb5 18. Bd3 Qb6 19. Bf2 Ra8 20. Qc2 Qb7 21. Bg3 Rac8 22. Nf4 Ne5 23. Be2 c4 24. bxc4 Nxc4 25. Qb3 Bc5+ 26. Kh2 Nd2 27. Qb2 Nxf1+ 28. Bxf1 b4 29. Nce2 Ra8 30. Nd3 Rxa1 31. Qxa1 b3 32. Qc3 Rc8 33. Qb2 Be3 34. Nec1 Ba4 35. Bxd6 Rc2 36. Qa3 Bxc1 37. Qxa4 b2 38. Nxb2 Rxb2 39. Be5 Rf2 40. Ba6 Qb6 41. Bd4 Qb8+ 42. e5 Bf4+ 43. Kg1 Rd2 44. Bc4 Qb1+ 45. Bf1 Rd1 46. Qc4 Nxd5 47. g3 Rxd4 48. Qxd4 Be3+ 0-1

[Event "Groningen Combinatie op"]
[Site "Groningen"]
[Date "2017.05.28"]
[Round "7"]
[White "Bosboom, Ardin"]
[Black "Knight, David"]
[Result "1/2-1/2"]
[WhiteElo "1862"]
[BlackElo "1902"]
[PlyCount "121"]
[EventDate "2017.05.25"]
[EventType "swiss"]
[EventRounds "7"]
[EventCountry "NED"]
[SourceTitle "CBM 178 Extra"]
[Source "ChessBase"]
[SourceDate "2017.06.22"]
[SourceVersion "1"]
[SourceVersionDate "2017.06.22"]
[SourceQuality "1"]

1. d4 d5 2. Nf3 e6 3. c4 c6 4. Nc3 dxc4 5. a4 Bb4 6. e3 b5 7. Bd2 a5 8. Be2 Bxc3 9. bxc3 Nf6 10. Qb1 Ba6 11. Ne5 Nfd7 12. Nxd7 Nxd7 13. Qe4 Rc8 14. 0-0 0-0 15. f4 Nc5 16. dxc5 Qxd2 17. axb5 Bxb5 18. Bxc4 Bxc4 19. Qxc4 Qxe3+ 20. Kh1 Ra8 21. Qd4 Qe2 22. Rf2 Qh5 23. Rfa2 Rad8 24. Qg1 Qg4 25. Qf1 Rd5 26. Rxa5 Rfd8 27. Ra8 g6 28. h3 Qh5 29. Qa6 Rxa8 30. Qxa8+ Kg7 31. Qxc6 Rxc5 32. Qe8 Rxc3 33. Ra8 Qc5 34. Qh8+ Kh6 35. Qf8+ Qxf8 36. Rxf8 Kg7 37. Rb8 Kf6 38. Rb5 Rd3 39. Kh2 h5 40. h4 Rd5 41. Rb4 Kf5 42. Kh3 f6 43. g3 e5 44. fxe5 fxe5 45. Rb8 Rd6 46. Rb5 Re6 47. Ra5 Kf6 48. g4 hxg4+ 49. Kxg4 e4 50. Kf4 e3 51. Ra1 e2 52. Re1 Re8 53. h5 g5+ 54. Kf3 Rh8 55. Kg4 Re8 56. Kf3 Kf5 57. Rxe2 g4+ 58. Kf2 Rh8 59. Ra2 Kf4 60. Ra4+ Kg5 61. Kg3 1/2-1/2

[Event "Maastricht Limburg op-B 9th"]
[Site "Maastricht"]
[Date "2015.05.24"]
[Round "5"]
[White "Bosboom, Ardin"]
[Black "Tangelder, Yonne"]
[Result "1/2-1/2"]
[WhiteElo "1839"]
[BlackElo "1887"]
[PlyCount "45"]
[EventDate "2015.05.22"]
[EventType "swiss"]
[EventRounds "7"]
[EventCountry "NED"]
[SourceTitle "EXT 2016"]
[Source "ChessBase"]
[SourceDate "2015.10.08"]
[SourceVersion "1"]
[SourceVersionDate "2015.10.08"]
[SourceQuality "1"]

1. d4 f5 2. e4 fxe4 3. Nc3 Nf6 4. Bg5 Nc6 5. d5 Ne5 6. Qd4 Nf7 7. Bxf6 exf6 8. 0-0-0 f5 9. f3 Qg5+ 10. Kb1 Be7 11. fxe4 fxe4 12. Nxe4 Qg6 13. Rd3 Ng5 14. Nxg5 Qxg5 15. Nf3 Qf6 16. Re3 0-0 17. Bc4 Qxd4 18. Nxd4 Bc5 19. Rf3 d6 20. Rxf8+ Kxf8 21. Rf1+ Ke7 22. Re1+ Kf6 23. Ne6 1/2-1/2

[Event "Brighton e2e4 Major"]
[Site "Brighton"]
[Date "2013.02.19"]
[Round "7"]
[White "Bosboom, Ardin"]
[Black "Norman, Dinah M"]
[Result "1-0"]
[WhiteElo "1682"]
[BlackElo "1857"]
[PlyCount "59"]
[EventDate "2013.02.16"]
[EventType "swiss"]
[EventRounds "9"]
[EventCountry "ENG"]
[SourceTitle "EXT 2014"]
[Source "ChessBase"]
[SourceDate "2013.11.20"]
[SourceVersion "1"]
[SourceVersionDate "2013.11.20"]
[SourceQuality "1"]

1. d4 d5 2. c4 c6 3. Nf3 Nf6 4. Nc3 e6 5. e3 Nbd7 6. Bd3 dxc4 7. Bxc4 b5 8. Bd3 a6 9. a4 Bb7 10. Ne4 Be7 11. 0-0 Nxe4 12. Bxe4 Nf6 13. Qc2 Nxe4 14. Qxe4 0-0 15. b3 Qc7 16. Bb2 c5 17. Qg4 f5 18. Qh5 Bxf3 19. Qxf3 cxd4 20. axb5 dxe3 21. Qxe3 axb5 22. Qxe6+ Kh8 23. Rxa8 Rxa8 24. Qxf5 Bd6 25. Rc1 Qb7 26. Rd1 Bf8 27. Rd7 Qc6 28. h4 b4 29. h5 h6 30. Qf7 1-0

[Event "Twente Young Master op-D"]
[Site "Twente"]
[Date "2007.08.10"]
[Round "12"]
[White "Van der Gouw, Sharitha"]
[Black "Bosboom, Ardin"]
[Result "1-0"]
[WhiteElo "1480"]
[BlackElo "918"]
[PlyCount "99"]
[EventDate "2007.08.06"]
[EventType "swiss"]
[EventRounds "13"]
[EventCountry "NED"]
[SourceTitle "EXT 2008"]
[Source "ChessBase"]
[SourceDate "2007.11.25"]
[SourceVersion "1"]
[SourceVersionDate "2007.11.25"]
[SourceQuality "1"]

1. e4 e5 2. Nf3 Nc6 3. d4 exd4 4. Bc4 h6 5. c3 Nf6 6. e5 Ng4 7. cxd4 h5 8. 0-0 Be7 9. Nc3 Bh4 10. Be3 0-0 11. Qd2 d6 12. exd6 Qxd6 13. Nb5 Qd7 14. Nxh4 Re8 15. h3 Nf6 16. Rad1 Qe7 17. Bg5 a6 18. Ng6 Qe4 19. Nxc7 Qxg6 20. Bxf6 Bxh3 21. Qg5 Qxg5 22. Bxg5 Bd7 23. Nxa8 Rxa8 24. Rfe1 Kh7 25. Bxf7 Rf8 26. Bxh5 Rf5 27. f4 Rd5 28. Bf3 Rxd4 29. Rxd4 Nxd4 30. Rd1 Nxf3+ 31. gxf3 Bf5 32. Kf2 b5 33. Rd6 a5 34. Rd5 a4 35. Rxb5 g6 36. b3 axb3 37. axb3 Kg8 38. Rb7 Be6 39. b4 Bc4 40. b5 Bxb5 41. Rxb5 Kf7 42. Rb6 Kg7 43. Rb7+ Kg8 44. Ke3 Kf8 45. Kd4 Ke8 46. Kd5 Kf8 47. Ke6 Kg8 48. Kf6 Kh8 49. Kxg6 Kg8 50. Rb8# 1-0